League Of Legends Teams - Statistics

General Stats
  • This quiz has been taken 240 times
    130 since last reset
  • The average score is 29 of 45
Answer Stats
Hint Answer % Correct
LEC G2 Esports
99%
LCK T1
99%
LEC Fnatic
95%
LCK Gen.G
95%
LEC MAD Lions
86%
LCK Dplus KIA
84%
LPL EDward Gaming
83%
LCS Team Liquid
80%
LPL Bilibili Gaming
78%
LEC Rogue
78%
LCK DRX
77%
LCK KT Rolster
77%
LEC SK Gaming
77%
LCS Cloud9
76%
LCS FlyQuest
75%
LPL JD Gaming
75%
LEC Team BDS
75%
LEC Karmine Corp
74%
LPL Royal Never Give Up
71%
LPL Weibo Gaming
70%
LCS 100 Thieves
68%
LPL FunPlus Phoenix
68%
LPL Team WE
68%
LEC GiantX
63%
LPL LNG Esports
63%
LEC Team Vitality
63%
LCK Hanwha Life Esports
61%
LPL Top Esports
61%
LPL Invictus Gaming
60%
LEC Team Heretics
59%
LCK OKSavingsBank BRION
57%
LPL Anyone's Legend
54%
LCK FearX
52%
LPL Ninjas In Pyjamas
51%
LCS NRG
49%
LCK Nongshim RedForce
46%
LCS Dignitas
44%
LCK Kwangdong Freecs
43%
LCS Immortals
38%
LPL Oh My God
37%
LCS Shopify Rebellion
37%
LPL LGD Gaming
36%
LPL ThunderTalk Gaming
29%
LPL Rare Atom
25%
LPL Ultra Prime
20%
No matching quizzes found
Score Distribution
Percent of People with Each Score
Percentile by Number Answered
Your Score History
You have not taken this quiz since the last reset